000 00363nam a22001577a 4500
003 OSt
008 260212b |||||||| |||| 00| 0 eng d
020 _a9789354247835
082 _a302.1 CHS
100 _aCHAKRABORTY,Tanmoy
245 _aSocial Network Analysis
250 _a1st Ed
260 _aNew Delhi
_bWiley
_c2025
300 _a376p
942 _2ddc
_cREF
999 _c13812
_d13812